Aplikácia marketingu vo sfére modelingu diplomová práca

Saved in:
Bibliographic Details
Main Author: Pavlík, Martin
Corporate Author: Obchodná fakulta EU. Katedra marketingu
Other Authors: Balhar, Vítězslav, Jr
Format: Book
Language:Slovak
Published: Bratislava 2009
Tags: Add Tag
No Tags, Be the first to tag this record!

MARC

LEADER 00000nam$a2200000$$$4500
001 0107576
005 20240318135324.6
041 0 |a slo 
044 |a SK 
245 1 0 |a Aplikácia marketingu vo sfére modelingu  |b diplomová práca  |c Martin Pavlík ; škol. Vítězslav Balhar 
264 1 |a Bratislava  |c 2009 
300 |a 93 s. 
100 1 |a Pavlík, Martin 
700 1 |a Balhar, Vítězslav, Jr. 
710 2 |a Obchodná fakulta EU. Katedra marketingu